01410nam a2200325Ia 4500001001200000003000800012006001900020007001500039008004100054010001700095020002200112040002100134035002000155050002600175082001600201245025700217260005600474300002500530504004100555533015200596650001500748650002300763650004000786655002900826700002600855700004100881710001700922856012600939999001901065ebr10051648CaPaEBRm u cr cn|||||||||031202s2004 dcua sb 000 0 eng d z 2003026323 z0309090636 (pbk.) aCaPaEBRcCaPaEBR a(OCoLC)5477088714aRA776.75b.T45 2004eb04a612.6/822200aTestosterone and agingh[electronic resource] :bclinical research directions /cCommittee on Assessing the Need for Clinical Trials of Testosterone Replacement Therapy, Board on Health Sciences Policy ; Catharyn T. Liverman and Dan G. Blazer, editors. aWashington, DC :bNational Academies Press,cc2004. axvii, 219 p. :bill. aIncludes bibliographical references. aElectronic reproduction.bPalo Alto, Calif. :cebrary,d2009.nAvailable via World Wide Web.nAccess may be limited to ebrary affiliated libraries. 0aLongevity. 0aAgingxPrevention. 0aTestosteronexPhysiological effect. 7aElectronic books.2local1 aLiverman, Catharyn T.1 aBlazer, Dan G.q(Dan German),d1944-2 aebrary, Inc.40uhttp://site.ebrary.com/lib/rucke/Doc?id=10051648zAn electronic book accessible through the World Wide Web; click to view c170444d170444